UM Logo

Fundamentals of power electronics with MATLAB/ (Record no. 3553)

MARC details
000 -LEADER
fixed length control field 00523nam a2200169 4500
008 - FIXED-LENGTH DATA ELEMENTS--GENERAL INFORMATION
fixed length control field 160723b xxu||||| |||| 00| 0 eng d
020 ## - INTERNATIONAL STANDARD BOOK NUMBER
International Standard Book Number 1584508523
082 ## - DEWEY DECIMAL CLASSIFICATION NUMBER
Edition number 2007
Classification number DC 621.317
Item number Sh1f
100 ## - MAIN ENTRY--PERSONAL NAME
9 (RLIN) 11832
Personal name Shaffer, Randall
245 ## - TITLE STATEMENT
Title Fundamentals of power electronics with MATLAB/
Statement of responsibility, etc. Randall Shaffer.
260 ## - PUBLICATION, DISTRIBUTION, ETC. (IMPRINT)
Place of publication, distribution, etc. Boston:
Name of publisher, distributor, etc. Charles River Media,
Date of publication, distribution, etc. c2007.
300 ## - PHYSICAL DESCRIPTION
Extent xvi, 384 pages:
Other physical details illustrations;
Dimensions 23 cm.
500 ## - GENERAL NOTE
General note Includes index.
650 #0 - SUBJECT ADDED ENTRY--TOPICAL TERM
9 (RLIN) 11833
Topical term or geographic name as entry element Electronics
365 ## - TRADE PRICE
Price type code Php
Price amount 2880.94
942 ## - ADDED ENTRY ELEMENTS (KOHA)
Source of classification or shelving scheme Dewey Decimal Classification
Koha item type Circulation
Holdings
Withdrawn status Lost status Source of classification or shelving scheme Damaged status Not for loan Collection code Home library Current library Date acquired Source of acquisition Total Checkouts Full call number Barcode Date last seen Price effective from Koha item type
    Dewey Decimal Classification     Circulation UM Digos College - LIC UM Digos College - LIC 10/24/2008 Purchased   DC 621.317 Sh1f 2007 19849 05/15/2025 07/23/2016 Circulation